000 03073nam0a2200481 4500
001 RU\NLR\BIBL_A\012009629
005 20250809113152.0
020 _aRU
_9Ленинград в Великой Отечественной войне. Коллекция. Афиши
035 _a(NLR Aleph) 012009629
090 _a34141
_c34141
100 _a20190514d1945 u y0rusy50 ca
101 0 _arus
102 _aRU
105 _ay z 000zy
135 _acrcn 024anaba
200 1 _aФортепианный вечер. Лауреат Всесоюзного и международного конкурсов пианистов Яков Зак, Вторник 23 января 1945 г.
_e[афиша]
_fЛенинградская государственная ордена Трудового Красного Знамени Филармония, Большой зал
210 _a[Ленинград]
_cТЛ-1
_d1945
215 _a1 л.
_d52х68
300 _aНачало концерта в 8 час. 30 м. вечера. Вход в зал после 3-го звонка не допускается. Билеты продаются в кассе Филармонии ежедневно с 11 час. утра до 3 час. дня и с 4 час. дня до 8 час. вечера
300 _aЗаказ 329
325 _aКопия доступна в Электрон. б-ке РНБ
327 _aПрограмма: 1-е отделение: Шопен - Баркаролла; Скерцо E-dur; Две мазурки; Вальс; Соната h-moll; 2-е отделение: Рахманинов - Двенадцать прелюдий
606 1 _aТеатральная жизнь
_yЛенинград, город
_z1941 - 1944
_jАфиши
_2nlr_sh2
_3RU\NLR\AUTH\6601649837
686 _aЩ333(2Р=Рус)7-692Ленинград
702 1 _aЗак
_bЯ. И.
_cпианист, педагог
_f1913-1976
_gЯков Израилевич
_3RU\NLR\AUTH\770205531
_4005
712 0 2 _aЛенинградская филармония им. Д. Д. Шостаковича
_bБольшой зал
_3RU\NLR\AUTH\880496902
_4570
852 _aNLR
_jЛ3-330а/4/3/1945-янв.(16)
856 0 _uhttp://vivaldi.nlr.ru/la700000790/view
856 1 _uhttp://vivaldi.nlr.ru/la700000790/cover
856 2 _uhttp://vivaldi.nlr.ru/la700000790/text
942 _cVISUAL
945 _aРоссийская национальная библиотека
980 _aNB
980 _aBV
980 3 _akplen
980 3 _akp
981 3 7 _a(37) Ленинград в Великой Отечественной войне
_b(37) Афиши блокадного Ленинграда